Szczegóły MARC21

Rozum czy serce? : postawy wobec zawodu nauczycielskiego studentów uczelni pedagogicznej /

003 -Nazwa inst., której nr kontr. jest w polu 001 [,]
    • @
    • Nazwa instytucji, której n kontrolny jest w polu 001
    • NUKAT
005 -DATA I CZAS OSTATNIEJ MODYFIKACJI [,]
    • @
    • pole kontrolne
    • 20260101160202.0
020 -Międzynarod. znormalizowany nr książki - ISBN [ , ]
    • a
    • Numer ISBN
    • 8388365029 Find
040 -Instytucja sporządzająca opis [ , ]
    • a
    • Instytucja, która sporządziła opis (NP)
    • TOR U/PDJR
    • c
    • Instytucja, która sporządziła rekord (NP)
    • TOR U/PDJR
    • d
    • Instytucja, która zmodyfikowała rekord (P)
    • TOR U/AP
041 -Język dokumentu [0, ]
    • a
    • Język tekstu (P)
    • polski
    • b
    • Język streszczeń lub abstraktu (P)
    • angielski
942 -Rodzaj dokumentu [ , ]
    • c
    • Rodzaj dokumentu
    • Książka
100 -Hasło główne - nazwa osobowa [1, ]
    • a
    • Nazwa osobowa (NP)
    • Kwiecińska, Roma.
    • 9
    • KHW
    • 547502
245 -Strefa tytułu i oznaczenia odpowiedzialności [1,0]
    • a
    • Tytuł
    • Rozum czy serce? : Find
    • b
    • Ciąg dalszy tytułu (NP)
    • postawy wobec zawodu nauczycielskiego studentów uczelni pedagogicznej / Find
    • c
    • Pozostałe elementy strefy tytułu i oznaczenia odpowiedzialności (NP)
    • Roma Kwiecińska.
260 -Strefa adresu wydawniczego [ , ]
    • a
    • Miejsce wydania (P)
    • Kraków :
    • b
    • Nazwa wydawcy (P)
    • Wydaw. Edukacyjne,
    • c
    • Data wydania (P)
    • 2000.
300 -Strefa opisu fizycznego [ , ]
    • a
    • Określenie formy książki i/lub objętość (NP)
    • 152 s. ;
    • c
    • Format (NP)
    • 24 cm.
336 -Typ zawartości [ , ]
    • a
    • Termin opisujący typ zawartości
    • Tekst
    • b
    • Kod określający zawartość
    • txt
    • 2
    • Źródło (terminu i kodu)
    • rdacontent
337 -Typ mediów [ , ]
    • a
    • Tryb odtwarzania
    • Bez urządzenia pośredniczącego
    • b
    • Kod typu mediów
    • n
    • 2
    • Źródło (terminu i kodu)
    • rdamedia
338 -Typ/rodzaj nośnika [ , ]
    • a
    • Hasło opisujące typ nośnika
    • Wolumin
    • b
    • Kod typu nośnika
    • nc
    • 2
    • Źródło (terminu i kodu)
    • rdacarrier
380 -Deskryptor - Forma dzieła (P) [ , ]
    • a
    • forma dzieła (NP)
    • Książki
504 -Uwaga dot. bibliogr. załącznikowej [ , ]
    • a
    • Uwaga dot. bibliografii załącznikowej
    • Bibliogr. s. [127]-138.
536 -Uwaga dot. finansowania książki [ , ]
    • a
    • Tekst uwagi
    • Publikacja dofinansowana przez Akademię Pedagogiczną im. Komisji Edukacji Narodowej
546 -Uwaga dot. języka [ , ]
    • a
    • Uwaga dot. języka
    • Streszcz. w jęz. ang.
080 -Uniwersalna Klasyfikacja Dziesiętna [ , ]
    • a
    • Symbol klasyfikacji
    • 316.334.22(438)"1989/..."
080 -Uniwersalna Klasyfikacja Dziesiętna [ , ]
    • a
    • Symbol klasyfikacji
    • :378.637(438)"1989/..."
610 -Hasło przedmiotowe w formie nazwy ciała zbiorowego [2,7]
    • a
    • Nazwa ciała zbiorowego lub nazwa geograficzna
    • Uniwersytet Pedagogiczny im. Komisji Edukacji Narodowej (Kraków)
    • 2
    • Źródło terminu
    • DBN
610 -Hasło przedmiotowe w formie nazwy ciała zbiorowego [2,7]
    • a
    • Nazwa ciała zbiorowego lub nazwa geograficzna
    • Akademia Pedagogiczna im. Komisji Edukacji Narodowej (Kraków)
    • x
    • Określnik ogólny
    • studenci
    • y
    • Określnik chronologiczny
    • 1990-.
    • 2
    • Źródło terminu
    • kaba
    • 9
    • KHW
    • 714329
648 -Hasło przedmiotowe - chronologia [ ,7]
    • a
    • Deskryptor chronologiczny
    • 1901-2000
    • 2
    • Źródło terminu
    • DBN
    • 9
    • KHW
    • 721448
648 -Hasło przedmiotowe - chronologia [ ,7]
    • a
    • Deskryptor chronologiczny
    • 1989-2000
    • 2
    • Źródło terminu
    • DBN
    • 9
    • KHW
    • 721451
648 -Hasło przedmiotowe - chronologia [ ,7]
    • a
    • Deskryptor chronologiczny
    • 2001-
    • 2
    • Źródło terminu
    • DBN
    • 9
    • KHW
    • 721449
650 -Hasło przedmiotowe [ ,7]
    • a
    • Hasło przedmiotowe
    • Nauczycielki i nauczyciele
    • 2
    • Źródło terminu
    • DBN
    • 9
    • KHW
    • 722200
650 -Hasło przedmiotowe [ ,7]
    • a
    • Hasło przedmiotowe
    • Studentki i studenci
    • 2
    • Źródło terminu
    • DBN
    • 9
    • KHW
    • 721519
650 -Hasło przedmiotowe [ ,7]
    • a
    • Hasło przedmiotowe
    • Szkolnictwo wyższe
    • 2
    • Źródło terminu
    • DBN
    • 9
    • KHW
    • 721655
650 -Hasło przedmiotowe [ ,7]
    • a
    • Hasło przedmiotowe
    • Orientacja zawodowa
    • z
    • Określnik geograficzny
    • Polska
    • z
    • Określnik geograficzny
    • Kraków
    • y
    • Określnik chronologiczny
    • 1990-.
    • 2
    • Źródło terminu
    • kaba
    • 9
    • KHW
    • 714330
650 -Hasło przedmiotowe [ ,7]
    • a
    • Hasło przedmiotowe
    • Studenci
    • z
    • Określnik geograficzny
    • Polska
    • z
    • Określnik geograficzny
    • Kraków
    • x
    • Określnik rzeczowy
    • postawy
    • y
    • Określnik chronologiczny
    • 1990-.
    • 2
    • Źródło terminu
    • kaba
    • 9
    • KHW
    • 361935
651 -Hasło przedmiotowe w formie nazwy geograficznej [ ,7]
    • a
    • Nazwa geograficzna
    • Kraków (woj. małopolskie)
    • 2
    • Źródło terminu
    • DBN
    • 9
    • KHW
    • 721671
655 -Hasło w funkcji tematu formalnego [ ,7]
    • a
    • Hasło
    • Opracowanie
    • 2
    • Źródło terminu
    • DBN
    • 9
    • KHW
    • 721206
658 -Ujęcie treści [ , ]
    • a
    • dziedzina nauki i sztuki/ sfera aktywności życiowej
    • Socjologia i społeczeństwo
980 -Symbol UKD [ , ]
    • a
    • UKD
    • 316.334.22:378.637](438)"1989/..."
710 -Hasło dodatkowe - nazwa ciała zbiorowego [2, ]
    • a
    • Nazwa ciała zbiorowego lub nazwa geograficzna jako pierwszy element (NP)
    • Wydawnictwo Edukacyjne.
    • 4
    • Kod relacji
    • pbl
    • 9
    • KHW
    • 77760
920 -ISBN [ , ]
    • a
    • ISBN
    • 83-88365-02-9 Find
Lokalizacja Data inwentaryzacji Numer inwentarzowy Status udost.
BG2001-09-04Pd.140991